MDQL
is popping MORE tags! Check the
thread
!
Quizzes
Events
Quiz Creation
Community
Videos
Private Events
Remove Ads
Sign In
Join for FREE
Feedback
Dark Mode
Quiz Categories
Sports
Geography
Music
Movies
Television
Just For Fun
Miscellaneous
History
Literature
Language
Science
Gaming
Entertainment
Religion
Holiday
For Kids
Quiz Lab
Recent
Popular Today
Quiz Kudos Today
Editor Picks
Curator Picks
Quizzes by...
Day
Popularity
Type
Ratings
Length
Year
Community
Subscriptions
Recent Discussions
Orange Saloon
Badges
Playlists
Quests
Create
Leaderboards
Showdown
Live 5
Trivia Bingo
Activity
Puzzle Library
Sporcle Events
Private Events
Virtual Trivia
Globe League
Become a Host
Pub Owners
SporcleCon
Opinionation
Our Games
Videos
Blog
Mobile Apps
Partnerships
Remove Ads and Go Orange
Feedback
Music
Pop Music
The Beatles
Song
Album
Lyrics
Bands
Singers
Artist
Clip
Rock
Rap
Classical
Billboard
Country Music
Kpop
Taylor Swift
Music
Pop Music
The Beatles
Song
Album
Lyrics
Bands
Singers
Artist
Clip
Rock
Rap
Classical
Billboard
Country Music
Kpop
Taylor Swift
Random Quiz
Search Sporcle
×
Quiz Lab
Quiz Lab
Music
Lyrics
Type in answers that appear in a list
Type in answers that appear in a list
Classic
Best Score? Go Orange.
'90s Rock Song Lyrics Stats
Can you name the '90s rock songs that have these lyrics??
By
redelf
7m
25 Questions
932 Plays
932 Plays
932 Plays
Comments
Comments
Give Quiz Kudos
Give Quiz Kudos
-
- Ratings
hide this ad
Replay
Link that replays current quiz
Next Quiz
Link to next quiz in quiz playlist
You Got
0%
They Got
Avg Score
46%
Avg Friend Score
Upgrade to see
Score Distribution
Jump to the score distribution portion of the page
Score
0/25
Timer
07:00
0
Plays Today
Lyric
Song
% Correct
'Don't call me daughter'
Daughter
72.3%
'Shakedown 1979, cool kids never have the time
1979
72.2%
'I find it hard, it's hard to find, oh well, whatever, nevermind'
Smells Like Teen Spirit
71.8%
'Sometimes I feel like I don't have a partner'
Under the Bridge
70.8%
'Sheets of empty canvas, untouched sheets of clay'
Black
67%
'Oh no I've said too much, I've said enough'
Losing My Religion
63.9%
In my eyes, indisposed, in disguise as no one knows'
Black Hole Sun
59.7%
'Turn on the TV, wrestle with Jimmy'
Say it Ain't So
55.6%
'If everything could ever feel this real forever'
Everlong
50.5%
'Forever in debt to your priceless advice'
Heart-Shaped Box
50.3%
'I wish I was like you, easily amused'
All Apologies
49.6%
'Can you take me higher?'
Higher
49.1%
'When you were here before, couldn't look you in the eye'
Creep
48.3%
Lyric
Song
% Correct
'All I can do is just pour some tea for two'
No Rain
46.5%
'And I feel that time's a wasted go...So where ya going 'til tomorrow?'
Plush
41.8%
'Ain't found a way to kill me yet'
Rooster
38.2%
'I wish that I could fly into the sky so very high like a dragonfly'
Fly Away
35.4%
'Is it getting better? Or do you feel the same?'
One
34.7%
'Pain in my eyes, can you seal them shut'
Man in the Box
34.3%
'Help me; I broke apart my insides, help me; I've got no soul to sell'
Closer
34.3%
'It was a slap in the face, how quickly I was replaced'
You Oughta Know
31.7%
'I used to be a little boy, so old in my shoes'
Disarm
31.2%
'I nearly lost you there, let's try to sleep now'
Nearly Lost You
26.8%
'Oh...I've had it up to here!'
Just a Girl
24.2%
'Might last a day yeah, mine is forever'
Violet
8.4%
Quiz Playlist
Details
Report
Send in Message
Add To Playlist
Classic:
Type in answers that appear in a list
Last Updated: May 25, 2017
Quiz Scoreboard
CHALLENGE
Sign Up to Join the Scoreboard
Show All
Scores
Hide
Comments
May contain spoilers
Recently Published
Holiday 10x10 Sorting Gallery
by lukepisani3
Holiday
15m
Two Season TV Shows II
by 123Four
Television
10m
Image Sorting: Flags VI
by Barbecue
Geography
2m
More to Explore
Quiz From the Vault
Featured Blog Post
14 Easter Pick-up Lines to Find Eggs With
hide this ad
You Might Also Like...
Tags
Lyrics Quiz
Rock Quiz
1990s
grunge
Grunge Bands
Guessing Game
Nirvana
Pearl Jam
Today's Top Quizzes in Music
Browse Music
hide this ad
Today's Top Quizzes in Lyrics
Browse Lyrics
Top Contributed Quizzes in Music
1
5X2 Blitz: Bands II
2
5X2 Blitz: The Beatles
3
Taylor Swift All Songs (2024)
4
5X2 Blitz: Billboard
5
5X2 Blitz: Billboard II
6
Music Artist by Three 2010s hits
7
5X2 Blitz: Album
8
5X2 Blitz: Rock
9
5X2 Blitz: Singers
10
5X2 Blitz: Lyrics
Explore More
Trending Topics
Harry Potter
Kpop
NBA
Marvel
Crossword
Anime
Disney
Soccer
Country
Pokémon
Song
The Office
WWE
NFL
Puzzle
hide this ad
More By:
redelf
Quiz
Plays
Rating
Category
Featured
Created
Mixed Word: Nintendo Characters
46,294
3.59
Just For Fun
Dec 1, 2010
Mixed Word: US Cities II
38,171
4.02
Just For Fun
Nov 22, 2010
Mixed Word: European Countries
35,903
4.01
Just For Fun
Nov 16, 2010
Horror Movies
2,878
4.25
Movies
Oct 11, 2010
'90s Rock Song Lyrics
932
3.43
Music
Feb 11, 2013
Go to Creator's Profile
Score Distribution
Quiz Creator Spotlight
redelf
Follow
Send a Message
Quizzes Created
-
Created Quiz Play Count
-
More By This Creator
Popular Quizzes Today
1
Find the US States - No Outlines Minefield
2
Colored Red Africa Blitz
3
Find the 'City' Movie
4
The Countries of the World
5
5x2 Blitz: Bands
6
Find the Countries of Europe - No Outlines Minefield
7
Find the US States
8
US States
More Music Quizzes
Long Taylor Swift Song Titles
Curator's Pick
Trending Quizzes
Colored Red Europe Blitz I
Colored Red Africa Blitz II
Colored Red Europe Blitz II
Even More Two Season TV Shows
Colored Red Africa Blitz III
Recently Updated
Quick Pick: 20 Twenties
pecheneg
March Madness Men's Triple Doubles
pecheneg
How Do You Spell That?
pecheneg
Godzilla Movies
pecheneg
Grab Bag: 4-10 Letters
pecheneg
2024 March Madness Bracket
pecheneg
Famous TV Couples
Peacemaker
Champions League XIs: Real Madrid
pecheneg
Largest US Cities 1790-2010
pecheneg
Rides in Walt Disney World
pecheneg
Trending Topics
Harry Potter
Marvel
Anime
Disney
Crossword
Kpop
NBA
Puzzle
Soccer
WWE
Song
The Office
Country
NFL
Pokémon
Your Account Isn't Verified!
In order to create a playlist on Sporcle, you need to verify the email address you used during registration. Go to your
Sporcle Settings
to finish the process.
Report this User
Report this user for behavior that violates our
Community Guidelines
.
Details:
Send Report
Go to the Sporcle.com Mobile Site →
Comments